[Event "WCO 2016"]
[Site "?"]
[Date "2016.09.09"]
[Round "7"]
[Board "9"]
[WhiteID "2012782"]
[White "Krush Irina"]
[BlackID "1201930"]
[Black "Peptan Corina-Isabela"]
[Result "1/2-1/2"]
[BlackElo "2394"]
[WhiteElo "2444"]
[LiveChessVersion "1.4.8"]

1. d4 {[%clk 1:30:54]} Nf6 {[%clk 1:30:55]} 2. c4 {[%clk 1:31:13]} e6
{[%clk 1:31:22]} 3. Nc3 {[%clk 1:31:33]} Bb4 {[%clk 1:31:48]} 4. Qc2
{[%clk 1:31:47]} O-O {[%clk 1:29:39]} 5. a3 {[%clk 1:32:06]} Bxc3+
{[%clk 1:30:05]} 6. Qxc3 {[%clk 1:32:28]} b6 {[%clk 1:30:33]} 7. Bg5
{[%clk 1:32:40]} Bb7 {[%clk 1:31:00]} 8. e3 {[%clk 1:32:54]} d6 {[%clk 1:31:22]}
9. Ne2 {[%clk 1:32:47]} Nbd7 {[%clk 1:31:44]} 10. Qc2 {[%clk 1:33:08]} c5
{[%clk 1:31:36]} 11. Rd1 {[%clk 1:33:14]} Rc8 {[%clk 1:27:03]} 12. Nc3
{[%clk 1:32:51]} h6 {[%clk 1:22:07]} 13. Bh4 {[%clk 1:32:50]} cxd4
{[%clk 1:04:39]} 14. Rxd4 {[%clk 1:32:38]} d5 {[%clk 1:05:09]} 15. cxd5
{[%clk 1:28:35]} exd5 {[%clk 0:59:31]} 16. Be2 {[%clk 1:15:41]} Qe7
{[%clk 0:49:29]} 17. Qb1 {[%clk 1:04:46]} Ne5 {[%clk 0:40:13]} 18. O-O
{[%clk 1:03:19]} Rc5 {[%clk 0:31:05]} 19. Rfd1 {[%clk 1:02:44]} Rfc8
{[%clk 0:31:28]} 20. Bxf6 {[%clk 0:55:19]} Qxf6 {[%clk 0:31:56]} 21. Nxd5
{[%clk 0:55:38]} Bxd5 {[%clk 0:29:32]} 22. Rxd5 {[%clk 0:56:00]} Rxd5
{[%clk 0:26:52]} 23. Rxd5 {[%clk 0:56:14]} Nc4 {[%clk 0:27:06]} 24. Bxc4
{[%clk 0:54:47]} Rxc4 {[%clk 0:27:34]} 25. h3 {[%clk 0:54:14]} g6
{[%clk 0:27:46]} 26. Rd2 {[%clk 0:49:12]} Kg7 {[%clk 0:26:44]} 27. Qd3
{[%clk 0:48:20]} Qc6 {[%clk 0:22:28]} 28. Qd8 {[%clk 0:43:21]} Rc1+
{[%clk 0:19:04]} 29. Kh2 {[%clk 0:43:43]} Qc7+ {[%clk 0:18:12]} 30. Qxc7
{[%clk 0:44:06]} Rxc7 {[%clk 0:18:40]} 31. g4 {[%clk 0:39:46]} Rc1
{[%clk 0:16:31]} 32. h4 {[%clk 0:36:50]} Rb1 {[%clk 0:16:10]} 33. Kg2
{[%clk 0:34:28]} Kf6 {[%clk 0:16:29]} 34. Kf3 {[%clk 0:34:07]} Ke6
{[%clk 0:16:27]} 35. g5 {[%clk 0:28:19]} h5 {[%clk 0:03:55]} 36. Ke2
{[%clk 0:24:23]} Rc1 {[%clk 0:03:15]} 37. Kf3 {[%clk 0:20:23]} Rb1
{[%clk 0:03:40]} 38. Rc2 {[%clk 0:19:49]} Kd6 {[%clk 0:03:24]} 39. Ke2
{[%clk 0:18:07]} b5 {[%clk 0:03:14]} 40. Rd2+ {[%clk 0:39:47]} Ke6
{[%clk 0:33:37]} 41. Kf3 {[%clk 0:40:02]} a5 {[%clk 0:29:55]} 42. Ke4
{[%clk 0:32:31]} Rh1 {[%clk 0:29:29]} 43. f4 {[%clk 0:32:19]} Rb1
{[%clk 0:24:04]} 44. Kd4 {[%clk 0:23:48]} Rc1 {[%clk 0:24:30]} 45. e4
{[%clk 0:15:22]} b4 {[%clk 0:13:33]} 46. axb4 {[%clk 0:15:20]} axb4
{[%clk 0:14:02]} 47. Rf2 {[%clk 0:12:35]} Rd1+ {[%clk 0:14:23]} 48. Kc4
{[%clk 0:12:33]} Re1 {[%clk 0:14:51]} 49. Kxb4 {[%clk 0:12:27]} Rxe4+
{[%clk 0:15:17]} 50. Kc5 {[%clk 0:12:27]} Kf5 {[%clk 0:13:41]} 51. b4
{[%clk 0:12:22]} Kg4 {[%clk 0:11:51]} 52. Rh2 {[%clk 0:06:45]} Rxf4
{[%clk 0:07:13]} 53. b5 {[%clk 0:06:34]} Rf1 {[%clk 0:07:39]} 54. Rb2
{[%clk 0:01:55]} f5 {[%clk 0:02:06]} 55. b6 {[%clk 0:01:17]} Rc1+
{[%clk 0:02:16]} 56. Kd6 {[%clk 0:01:33]} Rc8 {[%clk 0:02:41]} 57. b7
{[%clk 0:01:39]} Rb8 {[%clk 0:03:10]} 58. Ke5 {[%clk 0:00:36]} f4
{[%clk 0:02:20]} 59. Kf6 {[%clk 0:01:01]} f3 {[%clk 0:02:08]} 60. Kxg6
{[%clk 0:01:05]} Kxh4 {[%clk 0:01:44]} 61. Rb4+ {[%clk 0:00:42]} Kg3
{[%clk 0:01:58]} 62. Kxh5 {[%clk 0:01:03]} f2 {[%clk 0:02:20]} 63. Rb3+
{[%clk 0:00:35]} Kg2 {[%clk 0:02:06]} 64. Rb2 {[%clk 0:00:41]} Rxb7
{[%clk 0:01:33]} 65. Rxf2+ {[%clk 0:00:44]} Kxf2 {[%clk 0:01:58]} 66. g6
{[%clk 0:01:11]} Kf3 {[%clk 0:01:39]} 67. Kh6 {[%clk 0:01:36]} Kf4
{[%clk 0:01:33]} 1/2-1/2

[Event "WCO 2016"]
[Site "?"]
[Date "2016.09.09"]
[Round "7"]
[Board "10"]
[WhiteID "1200496"]
[White "Foisor Cristina-Adela"]
[BlackID "13603620"]
[Black "Paikidze Nazi"]
[Result "0-1"]
[BlackElo "2366"]
[WhiteElo "2353"]
[LiveChessVersion "1.4.8"]

1. Nf3 {[%clk 1:30:55]} Nf6 {[%clk 1:30:48]} 2. c4 {[%clk 1:31:09]} e6
{[%clk 1:31:11]} 3. g3 {[%clk 1:31:29]} d5 {[%clk 1:31:31]} 4. Bg2
{[%clk 1:31:43]} Be7 {[%clk 1:31:52]} 5. O-O {[%clk 1:31:56]} O-O
{[%clk 1:32:16]} 6. b3 {[%clk 1:32:18]} c6 {[%clk 1:23:15]} 7. Bb2
{[%clk 1:32:09]} Nbd7 {[%clk 1:23:38]} 8. Nc3 {[%clk 1:32:02]} b6
{[%clk 1:22:08]} 9. cxd5 {[%clk 1:30:09]} cxd5 {[%clk 1:20:58]} 10. d4
{[%clk 1:29:41]} Bb7 {[%clk 1:20:03]} 11. Rc1 {[%clk 1:27:54]} a6
{[%clk 1:15:53]} 12. e3 {[%clk 1:26:25]} Bd6 {[%clk 1:15:17]} 13. Nd2
{[%clk 1:23:49]} Qe7 {[%clk 1:11:56]} 14. f4 {[%clk 1:23:31]} b5 {[%clk 1:07:58]}
15. g4 {[%clk 1:20:52]} b4 {[%clk 1:07:31]} 16. g5 {[%clk 1:14:55]} bxc3
{[%clk 1:06:04]} 17. gxf6 {[%clk 1:15:21]} Nxf6 {[%clk 1:05:47]} 18. Bxc3
{[%clk 1:14:47]} Ba3 {[%clk 1:04:20]} 19. Rc2 {[%clk 1:14:31]} a5
{[%clk 1:03:45]} 20. Rf2 {[%clk 1:09:13]} Rfc8 {[%clk 1:02:32]} 21. Nf1
{[%clk 1:06:23]} a4 {[%clk 0:51:08]} 22. Be1 {[%clk 1:01:26]} Bc6
{[%clk 0:41:13]} 23. f5 {[%clk 0:51:16]} axb3 {[%clk 0:34:19]} 24. axb3
{[%clk 0:51:40]} Bd6 {[%clk 0:31:25]} 25. Rf3 {[%clk 0:47:31]} exf5
{[%clk 0:24:53]} 26. Rxf5 {[%clk 0:42:56]} Bd7 {[%clk 0:24:52]} 27. Rff2
{[%clk 0:42:02]} Ne4 {[%clk 0:20:38]} 28. Rxc8+ {[%clk 0:40:46]} Rxc8
{[%clk 0:20:44]} 29. Ra2 {[%clk 0:38:45]} g6 {[%clk 0:17:06]} 30. Ra5
{[%clk 0:25:28]} Qe6 {[%clk 0:15:16]} 31. Qb1 {[%clk 0:20:07]} Bc7
{[%clk 0:14:57]} 32. Ra2 {[%clk 0:20:01]} Bb5 {[%clk 0:15:15]} 33. Qa1
{[%clk 0:08:50]} Re8 {[%clk 0:12:20]} 34. Qc1 {[%clk 0:06:46]} Bd8
{[%clk 0:11:28]} 35. Ra8 {[%clk 0:04:29]} h5 {[%clk 0:09:53]} 36. Ng3
{[%clk 0:03:41]} Nf6 {[%clk 0:09:48]} 37. Bd2 {[%clk 0:03:22]} h4
{[%clk 0:09:33]} 38. Nf1 {[%clk 0:03:48]} Ne4 {[%clk 0:08:12]} 39. Bb4
{[%clk 0:03:01]} h3 {[%clk 0:08:02]} 40. Bf3 {[%clk 0:32:19]} Ng5
{[%clk 0:37:24]} 41. Bh1 {[%clk 0:30:37]} Qg4+ {[%clk 0:27:45]} 42. Ng3
{[%clk 0:28:18]} Nf3+ {[%clk 0:27:53]} 43. Kf2 {[%clk 0:26:59]} Nxh2
{[%clk 0:23:23]} 44. Bd6 {[%clk 0:21:23]} Qe6 {[%clk 0:22:11]} 45. Bf4
{[%clk 0:20:45]} g5 {[%clk 0:20:39]} 46. Be5 {[%clk 0:12:19]} Ng4+
{[%clk 0:20:57]} 47. Kg1 {[%clk 0:09:01]} Nxe5 {[%clk 0:21:07]} 48. dxe5
{[%clk 0:09:26]} Qxe5 {[%clk 0:21:34]} 49. Nf1 {[%clk 0:09:02]} d4
{[%clk 0:17:01]} 50. Bf3 {[%clk 0:04:51]} dxe3 {[%clk 0:15:56]} 51. Qxe3
{[%clk 0:04:33]} Qf6 {[%clk 0:14:26]} 52. Rxd8 {[%clk 0:04:41]} Rxd8
{[%clk 0:14:43]} 53. Qf2 {[%clk 0:02:06]} Bxf1 {[%clk 0:14:50]} 54. Qxf1
{[%clk 0:02:19]} Rd2 {[%clk 0:14:37]} 55. Be2 {[%clk 0:01:10]} h2+
{[%clk 0:14:52]} 56. Kh1 {[%clk 0:01:18]} Qxf1+ {[%clk 0:15:15]} 0-1

[Event "WCO 2016"]
[Site "?"]
[Date "2016.09.09"]
[Round "7"]
[Board "12"]
[WhiteID "13903063"]
[White "Bulmaga Irina"]
[BlackID "322750"]
[Black "Nemcova Katerina"]
[Result "1/2-1/2"]
[BlackElo "2365"]
[WhiteElo "2395"]
[LiveChessVersion "1.4.8"]

1. e4 {[%clk 1:30:56]} e5 {[%clk 1:30:50]} 2. Nf3 {[%clk 1:31:20]} Nc6
{[%clk 1:31:14]} 3. Bc4 {[%clk 1:31:44]} Bc5 {[%clk 1:31:39]} 4. c3
{[%clk 1:32:07]} Nf6 {[%clk 1:31:58]} 5. d3 {[%clk 1:32:30]} a6 {[%clk 1:30:30]}
6. O-O {[%clk 1:32:27]} d6 {[%clk 1:28:04]} 7. Bb3 {[%clk 1:32:42]} Ba7
{[%clk 1:27:52]} 8. Nbd2 {[%clk 1:33:06]} O-O {[%clk 1:27:56]} 9. Re1
{[%clk 1:33:05]} Ng4 {[%clk 1:22:09]} 10. Re2 {[%clk 1:31:50]} Kh8
{[%clk 1:22:27]} 11. h3 {[%clk 1:29:03]} Nh6 {[%clk 1:18:58]} 12. Nf1
{[%clk 1:18:34]} f5 {[%clk 1:19:11]} 13. Bg5 {[%clk 1:08:29]} Qe8
{[%clk 1:16:30]} 14. exf5 {[%clk 0:39:30]} Bxf5 {[%clk 0:58:44]} 15. Bd5
{[%clk 0:39:00]} Be6 {[%clk 0:46:50]} 16. Bxe6 {[%clk 0:37:23]} Qxe6
{[%clk 0:46:12]} 17. Re1 {[%clk 0:32:38]} Nf5 {[%clk 0:37:25]} 18. Ne3
{[%clk 0:27:51]} Rae8 {[%clk 0:31:50]} 19. Nxf5 {[%clk 0:26:29]} Rxf5
{[%clk 0:30:42]} 20. Be3 {[%clk 0:26:31]} Bxe3 {[%clk 0:30:21]} 21. Rxe3
{[%clk 0:26:47]} Ref8 {[%clk 0:27:33]} 22. Qe1 {[%clk 0:12:25]} Qf6
{[%clk 0:21:19]} 23. Rd1 {[%clk 0:11:28]} Rf4 {[%clk 0:20:02]} 24. Re4
{[%clk 0:08:15]} h6 {[%clk 0:16:33]} 25. Rxf4 {[%clk 0:07:20]} Qxf4
{[%clk 0:15:15]} 26. Qe4 {[%clk 0:07:05]} a5 {[%clk 0:12:27]} 27. b3
{[%clk 0:05:18]} Qf7 {[%clk 0:09:56]} 28. d4 {[%clk 0:04:49]} exd4
{[%clk 0:06:28]} 29. cxd4 {[%clk 0:05:16]} Qf5 {[%clk 0:05:11]} 30. Qe2
{[%clk 0:03:42]} Nb4 {[%clk 0:02:55]} 31. Rc1 {[%clk 0:01:42]} Nd5
{[%clk 0:01:43]} 32. Qb5 {[%clk 0:01:35]} b6 {[%clk 0:02:03]} 33. Re1
{[%clk 0:00:56]} Nf4 {[%clk 0:01:57]} 34. Qxf5 {[%clk 0:01:00]} Rxf5
{[%clk 0:02:24]} 35. Kh2 {[%clk 0:00:34]} Nd5 {[%clk 0:01:33]} 36. h4
{[%clk 0:00:38]} Kg8 {[%clk 0:01:38]} 37. Kg1 {[%clk 0:00:41]} Kf7
{[%clk 0:01:49]} 38. Kf1 {[%clk 0:00:57]} Rf6 {[%clk 0:01:37]} 39. Rc1
{[%clk 0:01:02]} Ke7 {[%clk 0:01:18]} 40. Ke2 {[%clk 0:30:55]} Nf4+
{[%clk 0:31:17]} 41. Kf1 {[%clk 0:28:56]} Nd5 {[%clk 0:27:52]} 42. Ke2
{[%clk 0:27:48]} Nf4+ {[%clk 0:27:39]} 43. Kf1 {[%clk 0:28:12]} Nd5
{[%clk 0:22:32]} 44. Ke2 {[%clk 0:24:44]} 1/2-1/2

[Event "WCO 2016"]
[Site "?"]
[Date "2016.09.09"]
[Round "7"]
[Board "13"]
[WhiteID "13401521"]
[White "Mamedjarova Zeinab"]
[BlackID "5015197"]
[Black "Harika Dronavalli"]
[Result "1/2-1/2"]
[BlackElo "2542"]
[WhiteElo "2295"]
[LiveChessVersion "1.4.8"]

1. d4 {[%clk 1:30:55]} e6 {[%clk 1:30:54]} 2. Nf3 {[%clk 1:31:00]} Nf6
{[%clk 1:31:14]} 3. e3 {[%clk 1:31:03]} d5 {[%clk 1:31:28]} 4. Bd3
{[%clk 1:30:37]} c5 {[%clk 1:31:39]} 5. b3 {[%clk 1:29:27]} Nc6 {[%clk 1:29:37]}
6. Bb2 {[%clk 1:28:58]} Bd6 {[%clk 1:29:03]} 7. O-O {[%clk 1:27:45]} O-O
{[%clk 1:27:55]} 8. Nbd2 {[%clk 1:26:02]} b6 {[%clk 1:27:02]} 9. Ne5
{[%clk 1:05:43]} Bb7 {[%clk 1:23:22]} 10. a3 {[%clk 1:06:07]} Rc8
{[%clk 1:19:49]} 11. Qe2 {[%clk 1:04:56]} Ne7 {[%clk 1:14:47]} 12. Rfd1
{[%clk 1:01:43]} Qc7 {[%clk 1:08:30]} 13. f4 {[%clk 0:48:16]} Ng6
{[%clk 1:01:46]} 14. Rf1 {[%clk 0:43:18]} Ne4 {[%clk 0:48:01]} 15. Nxe4
{[%clk 0:18:18]} dxe4 {[%clk 0:47:44]} 16. Bc4 {[%clk 0:18:30]} cxd4
{[%clk 0:42:16]} 17. Nxg6 {[%clk 0:15:20]} hxg6 {[%clk 0:42:28]} 18. Bxd4
{[%clk 0:15:41]} Bc5 {[%clk 0:34:20]} 19. Be5 {[%clk 0:12:47]} Bd6
{[%clk 0:32:44]} 20. Bd4 {[%clk 0:12:23]} Rfd8 {[%clk 0:29:45]} 21. Kh1
{[%clk 0:09:26]} Be7 {[%clk 0:20:17]} 22. a4 {[%clk 0:06:49]} Bf6
{[%clk 0:19:45]} 23. Bxf6 {[%clk 0:06:04]} gxf6 {[%clk 0:20:13]} 24. Rfd1
{[%clk 0:05:42]} Qc5 {[%clk 0:17:53]} 25. Kg1 {[%clk 0:04:59]} Kg7
{[%clk 0:15:19]} 26. Rd2 {[%clk 0:05:11]} Rxd2 {[%clk 0:14:14]} 27. Qxd2
{[%clk 0:05:39]} Bd5 {[%clk 0:13:22]} 28. Bxd5 {[%clk 0:05:44]} exd5
{[%clk 0:13:49]} 29. Rc1 {[%clk 0:03:51]} Qa3 {[%clk 0:13:56]} 30. Kf1
{[%clk 0:02:06]} Qb2 {[%clk 0:09:35]} 31. Ke1 {[%clk 0:02:18]} Rh8
{[%clk 0:07:01]} 32. h3 {[%clk 0:02:35]} Rd8 {[%clk 0:07:01]} 33. Rd1
{[%clk 0:02:35]} Rd6 {[%clk 0:07:01]} 34. Qc1 {[%clk 0:02:35]} Qc3+
{[%clk 0:07:01]} 35. Qd2 {[%clk 0:02:35]} Qb2 {[%clk 0:07:01]} 36. Qc1
{[%clk 0:02:32]} Qc3+ {[%clk 0:05:37]} 37. Qd2 {[%clk 0:02:32]} Qb2
{[%clk 0:05:37]} 1/2-1/2

[Event "WCO 2016"]
[Site "?"]
[Date "2016.09.09"]
[Round "7"]
[Board "14"]
[WhiteID "5029295"]
[White "Padmini Rout"]
[BlackID "13403729"]
[Black "Mammadzada Gunay"]
[Result "0-1"]
[BlackElo "2361"]
[WhiteElo "2408"]
[LiveChessVersion "1.4.8"]

1. e4 {[%clk 1:30:56]} c5 {[%clk 1:30:56]} 2. Nf3 {[%clk 1:31:20]} d6
{[%clk 1:31:21]} 3. d4 {[%clk 1:31:36]} cxd4 {[%clk 1:31:46]} 4. Nxd4
{[%clk 1:31:46]} Nf6 {[%clk 1:32:11]} 5. Nc3 {[%clk 1:32:08]} a6 {[%clk 1:32:33]}
6. h3 {[%clk 1:32:06]} e6 {[%clk 1:32:58]} 7. g4 {[%clk 1:32:12]} Be7
{[%clk 1:33:23]} 8. Bg2 {[%clk 1:29:23]} Nfd7 {[%clk 1:33:19]} 9. O-O
{[%clk 1:27:54]} Nc6 {[%clk 1:33:20]} 10. Be3 {[%clk 1:26:14]} O-O
{[%clk 1:33:04]} 11. Nce2 {[%clk 1:22:59]} Nde5 {[%clk 1:31:25]} 12. b3
{[%clk 1:17:53]} Ng6 {[%clk 1:29:48]} 13. Nxc6 {[%clk 1:11:03]} bxc6
{[%clk 1:30:05]} 14. f4 {[%clk 1:11:10]} a5 {[%clk 1:24:28]} 15. c4
{[%clk 1:08:13]} Bb7 {[%clk 1:10:23]} 16. Rc1 {[%clk 0:58:09]} Re8
{[%clk 0:57:57]} 17. Qd2 {[%clk 0:48:37]} a4 {[%clk 0:41:54]} 18. b4
{[%clk 0:42:26]} d5 {[%clk 0:33:39]} 19. cxd5 {[%clk 0:31:09]} cxd5
{[%clk 0:33:50]} 20. e5 {[%clk 0:27:00]} Ba6 {[%clk 0:28:43]} 21. a3
{[%clk 0:26:15]} Nh4 {[%clk 0:14:57]} 22. Bh1 {[%clk 0:25:59]} f6
{[%clk 0:11:13]} 23. exf6 {[%clk 0:21:54]} Bxf6 {[%clk 0:11:37]} 24. Rfd1
{[%clk 0:20:49]} Bb7 {[%clk 0:09:04]} 25. g5 {[%clk 0:11:57]} Be7
{[%clk 0:09:17]} 26. Bf2 {[%clk 0:11:32]} Nf5 {[%clk 0:07:12]} 27. Nd4
{[%clk 0:11:39]} Nxd4 {[%clk 0:06:58]} 28. Bxd4 {[%clk 0:12:02]} Bd6
{[%clk 0:06:57]} 29. Qe3 {[%clk 0:11:27]} Qb8 {[%clk 0:05:24]} 30. Be5
{[%clk 0:07:56]} Bxe5 {[%clk 0:05:28]} 31. Qxe5 {[%clk 0:08:13]} Qxe5
{[%clk 0:04:40]} 32. fxe5 {[%clk 0:08:41]} Rec8 {[%clk 0:02:43]} 33. Bf3
{[%clk 0:08:45]} Ba6 {[%clk 0:01:21]} 34. Bg4 {[%clk 0:05:37]} Kf7
{[%clk 0:01:44]} 35. Kf2 {[%clk 0:05:48]} Ke7 {[%clk 0:00:54]} 36. Ke3
{[%clk 0:05:45]} Bc4 {[%clk 0:00:33]} 37. Rd2 {[%clk 0:04:55]} Rf8
{[%clk 0:00:45]} 38. Rd4 {[%clk 0:03:34]} h5 {[%clk 0:00:51]} 39. gxh6
{[%clk 0:01:12]} gxh6 {[%clk 0:01:21]} 40. Bf3 {[%clk 0:30:46]} Rac8
{[%clk 0:30:35]} 41. Rf4 {[%clk 0:24:04]} Rxf4 {[%clk 0:26:19]} 42. Kxf4
{[%clk 0:24:12]} Rf8+ {[%clk 0:26:12]} 43. Kg3 {[%clk 0:24:38]} Rf5
{[%clk 0:24:22]} 44. Re1 {[%clk 0:24:56]} d4 {[%clk 0:19:08]} 45. Bg4
{[%clk 0:19:59]} Rf8 {[%clk 0:17:38]} 46. Rc1 {[%clk 0:17:36]} Bd5
{[%clk 0:14:46]} 47. Rd1 {[%clk 0:12:46]} h5 {[%clk 0:10:29]} 48. Bxh5
{[%clk 0:04:34]} Rf5 {[%clk 0:10:43]} 49. Bg4 {[%clk 0:04:28]} Rxe5
{[%clk 0:11:11]} 50. Rxd4 {[%clk 0:04:39]} Re3+ {[%clk 0:11:41]} 51. Kh4
{[%clk 0:04:47]} Rxa3 {[%clk 0:12:01]} 52. b5 {[%clk 0:04:58]} Ra1
{[%clk 0:09:03]} 53. b6 {[%clk 0:02:06]} a3 {[%clk 0:07:16]} 54. Rb4
{[%clk 0:01:14]} Bb7 {[%clk 0:07:40]} 55. Ra4 {[%clk 0:01:09]} a2
{[%clk 0:05:47]} 56. Ra3 {[%clk 0:01:07]} Bd5 {[%clk 0:04:40]} 57. Ra7+
{[%clk 0:01:12]} Kd6 {[%clk 0:05:02]} 58. b7 {[%clk 0:01:01]} Rb1
{[%clk 0:05:03]} 59. Kg3 {[%clk 0:00:54]} 0-1

[Event "WCO 2016"]
[Site "?"]
[Date "2016.09.09"]
[Round "7"]
[Board "15"]
[WhiteID "13403508"]
[White "Mammadova Gulnar"]
[BlackID "5007844"]
[Black "Tania Sachdev"]
[Result "1-0"]
[BlackElo "2402"]
[WhiteElo "2304"]
[LiveChessVersion "1.4.8"]

1. e4 {[%clk 1:30:57]} e5 {[%clk 1:30:54]} 2. Nf3 {[%clk 1:31:19]} Nc6
{[%clk 1:31:20]} 3. Bc4 {[%clk 1:31:41]} Bc5 {[%clk 1:31:43]} 4. O-O
{[%clk 1:31:47]} Nf6 {[%clk 1:31:42]} 5. d3 {[%clk 1:32:07]} O-O {[%clk 1:31:45]}
6. a4 {[%clk 1:32:31]} d5 {[%clk 1:25:53]} 7. exd5 {[%clk 1:32:55]} Nxd5
{[%clk 1:26:19]} 8. Nbd2 {[%clk 1:33:02]} Bg4 {[%clk 1:06:16]} 9. h3
{[%clk 1:30:16]} Bh5 {[%clk 1:05:58]} 10. Ne4 {[%clk 1:28:51]} Be7
{[%clk 1:04:58]} 11. c3 {[%clk 1:28:39]} Nb6 {[%clk 0:54:20]} 12. Bb3
{[%clk 1:20:08]} a5 {[%clk 0:53:43]} 13. Re1 {[%clk 1:17:07]} Bg6
{[%clk 0:52:18]} 14. Qe2 {[%clk 1:15:24]} Qd7 {[%clk 0:50:22]} 15. Be3
{[%clk 1:11:24]} Nd5 {[%clk 0:46:22]} 16. Rad1 {[%clk 1:05:52]} Nxe3
{[%clk 0:43:22]} 17. Qxe3 {[%clk 1:06:07]} Rad8 {[%clk 0:33:32]} 18. Bc4
{[%clk 0:57:28]} Qc8 {[%clk 0:24:24]} 19. Nc5 {[%clk 0:50:35]} b6
{[%clk 0:20:57]} 20. Nb3 {[%clk 0:48:23]} Bf6 {[%clk 0:20:49]} 21. Bb5
{[%clk 0:46:00]} Na7 {[%clk 0:17:26]} 22. Nxe5 {[%clk 0:40:11]} Nxb5
{[%clk 0:16:26]} 23. axb5 {[%clk 0:40:10]} Rfe8 {[%clk 0:11:30]} 24. f4
{[%clk 0:34:50]} Bh4 {[%clk 0:10:52]} 25. g3 {[%clk 0:34:51]} Bf6
{[%clk 0:11:01]} 26. Kh2 {[%clk 0:34:22]} Bxe5 {[%clk 0:08:11]} 27. fxe5
{[%clk 0:34:28]} Rd5 {[%clk 0:08:06]} 28. Nd4 {[%clk 0:33:13]} Rdxe5
{[%clk 0:05:54]} 29. Qxe5 {[%clk 0:33:01]} Rxe5 {[%clk 0:06:22]} 30. Rxe5
{[%clk 0:33:27]} f6 {[%clk 0:06:18]} 31. Re7 {[%clk 0:32:04]} Qd8
{[%clk 0:05:50]} 32. Rxg7+ {[%clk 0:29:44]} Kh8 {[%clk 0:06:12]} 33. Re1
{[%clk 0:29:58]} Bxd3 {[%clk 0:03:39]} 34. Ree7 {[%clk 0:29:06]} Bg6
{[%clk 0:03:39]} 35. Rd7 {[%clk 0:28:07]} Qa8 {[%clk 0:02:53]} 36. Rge7
{[%clk 0:26:49]} 1-0

[Event "WCO 2016"]
[Site "?"]
[Date "2016.09.09"]
[Round "7"]
[Board "16"]
[WhiteID "5016193"]
[White "Soumya Swaminathan"]
[BlackID "13401491"]
[Black "Hojjatova Aydan"]
[Result "1-0"]
[BlackElo "2339"]
[WhiteElo "2379"]
[LiveChessVersion "1.4.8"]

1. e4 {[%clk 1:30:54]} e6 {[%clk 1:30:50]} 2. d4 {[%clk 1:27:01]} d5
{[%clk 1:31:07]} 3. Nc3 {[%clk 1:27:27]} Bb4 {[%clk 1:31:23]} 4. e5
{[%clk 1:27:48]} c5 {[%clk 1:31:46]} 5. a3 {[%clk 1:28:11]} Bxc3+
{[%clk 1:32:01]} 6. bxc3 {[%clk 1:28:38]} Qa5 {[%clk 1:32:11]} 7. Bd2
{[%clk 1:25:28]} Qa4 {[%clk 1:31:54]} 8. Qb1 {[%clk 1:21:17]} c4 {[%clk 1:31:49]}
9. Ne2 {[%clk 1:18:08]} f6 {[%clk 1:29:06]} 10. exf6 {[%clk 1:12:07]} Nxf6
{[%clk 1:28:06]} 11. Ng3 {[%clk 1:11:45]} Nc6 {[%clk 1:24:13]} 12. Be2
{[%clk 1:10:38]} O-O {[%clk 1:20:52]} 13. O-O {[%clk 1:10:36]} b6
{[%clk 1:19:41]} 14. Qc1 {[%clk 1:02:49]} Bd7 {[%clk 1:13:01]} 15. Bf4
{[%clk 1:02:22]} Be8 {[%clk 0:57:36]} 16. Bd6 {[%clk 1:00:06]} Rf7
{[%clk 0:56:51]} 17. Re1 {[%clk 1:00:09]} Rd8 {[%clk 0:42:38]} 18. Bf4
{[%clk 0:58:12]} Bd7 {[%clk 0:41:30]} 19. Bf3 {[%clk 0:47:53]} Rdf8
{[%clk 0:37:43]} 20. Bd6 {[%clk 0:45:24]} Re8 {[%clk 0:37:13]} 21. Qd2
{[%clk 0:44:06]} Ne7 {[%clk 0:34:35]} 22. Bxe7 {[%clk 0:31:13]} Rfxe7
{[%clk 0:31:29]} 23. h4 {[%clk 0:27:51]} Qc6 {[%clk 0:24:55]} 24. Re5
{[%clk 0:27:09]} Qd6 {[%clk 0:22:15]} 25. Ne2 {[%clk 0:19:23]} Bc6
{[%clk 0:19:33]} 26. Nf4 {[%clk 0:19:50]} Nd7 {[%clk 0:18:48]} 27. Rg5
{[%clk 0:20:16]} Rf8 {[%clk 0:17:45]} 28. g3 {[%clk 0:13:42]} Rf5
{[%clk 0:10:31]} 29. Re1 {[%clk 0:11:00]} Rxg5 {[%clk 0:05:47]} 30. hxg5
{[%clk 0:11:28]} Qxa3 {[%clk 0:04:44]} 31. Nxe6 {[%clk 0:09:54]} Nf8
{[%clk 0:01:26]} 32. Nf4 {[%clk 0:07:43]} Rxe1+ {[%clk 0:01:06]} 33. Qxe1
{[%clk 0:08:09]} Qd6 {[%clk 0:01:30]} 34. Qe5 {[%clk 0:06:25]} Qxe5
{[%clk 0:01:07]} 35. dxe5 {[%clk 0:06:52]} Ng6 {[%clk 0:01:03]} 36. Bxd5+
{[%clk 0:02:10]} Bxd5 {[%clk 0:01:24]} 37. Nxd5 {[%clk 0:02:38]} Nxe5
{[%clk 0:01:31]} 38. f4 {[%clk 0:02:56]} Ng4 {[%clk 0:00:40]} 39. Ne7+
{[%clk 0:02:56]} Kf7 {[%clk 0:01:04]} 40. Nc8 {[%clk 0:33:22]} Ne3
{[%clk 0:30:41]} 41. Nxa7 {[%clk 0:29:35]} Ke6 {[%clk 0:27:24]} 42. Nb5
{[%clk 0:24:46]} Nxc2 {[%clk 0:21:36]} 43. Kf2 {[%clk 0:24:28]} g6
{[%clk 0:16:48]} 44. g4 {[%clk 0:21:43]} Na1 {[%clk 0:08:26]} 45. Ke3
{[%clk 0:20:16]} Nb3 {[%clk 0:05:06]} 46. Nc7+ {[%clk 0:20:26]} Kf7
{[%clk 0:03:54]} 47. Nd5 {[%clk 0:20:04]} b5 {[%clk 0:01:27]} 48. Nc7
{[%clk 0:19:01]} Kg7 {[%clk 0:00:38]} 49. Nxb5 {[%clk 0:19:16]} h6
{[%clk 0:00:42]} 50. gxh6+ {[%clk 0:18:39]} Kxh6 {[%clk 0:01:11]} 51. Nd6
{[%clk 0:19:02]} Na5 {[%clk 0:00:34]} 52. Kd4 {[%clk 0:19:29]} Kg7
{[%clk 0:00:38]} 53. Nxc4 {[%clk 0:19:41]} Nb3+ {[%clk 0:00:52]} 54. Ke5
{[%clk 0:19:19]} Nc1 {[%clk 0:00:39]} 55. Ne3 {[%clk 0:19:22]} Nd3+
{[%clk 0:00:45]} 56. Ke4 {[%clk 0:19:48]} Nc5+ {[%clk 0:00:41]} 57. Kd5
{[%clk 0:18:30]} Nd3 {[%clk 0:00:49]} 58. f5 {[%clk 0:18:56]} gxf5
{[%clk 0:00:39]} 59. gxf5 {[%clk 0:19:21]} Kf6 {[%clk 0:00:55]} 60. c4
{[%clk 0:19:13]} Nb4+ {[%clk 0:00:34]} 61. Kd6 {[%clk 0:19:10]} Na2
{[%clk 0:00:36]} 62. c5 {[%clk 0:19:23]} Nb4 {[%clk 0:00:33]} 63. Nd5+
{[%clk 0:19:41]} 1-0